Statistics for Atalanta Best Scorer By Year

Click here to take the quiz!

General Stats

  • This quiz has been taken 196 times
    (58 since last reset)
  • The average score is 9 of 42

Answer Stats

Player% Correct
Duván Zapata
100%
Luis Muriel
93%
Papu Gómez
80%
Josip Iličić
73%
Ademola Lookman
62%
Filippo Inzaghi
51%
Mario Pašalić
51%
Germán Denis
49%
Cristiano Doni
47%
Simone Tiribocchi
29%
Claudio Caniggia
20%
Maurizio Ganz
16%
Evair
13%
Nicola Ventola
13%
Sergio Floccari
13%
Angelo Domenghini
11%
Domenico Morfeo
9%
Marino Magrin
9%
Nicola Caccia
9%
Adriano Bassetto
7%
Angelo Longoni
7%
Augusto Scala
7%
Enrico Nova
7%
Giuseppe Savoldi
7%
Hasse Jeppson
7%
Poul Rasmussen
7%
Sergio Clerici
7%
Alberto Carelli
4%
Aldo Cantarutti
4%
Armando Madonna
4%
Bruno Petroni
4%
Careca Bianchezi
4%
Dino da Costa
4%
Humberto Maschio
4%
Jørgen Sørensen
4%
Marco Pacione
4%
Marino Perani
4%
Raúl Conti
4%
Salvatore Garritano
4%
Sergio Magistrelli
4%
Sergio Pellizzaro
4%
Stephen Makinwa
4%

Score Distribution

Percentile by Number Answered

Percent of People with Each Score

Your Score History

You have not taken this quiz since the last reset